000 00228nam a22001097a 4500
100 _aRAMSDEN E N
245 _aA-LEVEL CHEMISTRY
250 _a4TH ED.
260 _aUK
_bNELSON THORNES
_c2000
300 _a768
_bILL
942 _cBK
999 _c251671
_d251671